| 000 | 02400agaaa2200349 4500 | ||
|---|---|---|---|
| 001 | 4781 | ||
| 003 | IT-RoPAU | ||
| 005 | 20220918181223.0 | ||
| 007 | d cvaizq | ||
| 008 | 50131s9999||||xx ||| | || ||und|| | ||
| 040 |
_aIT-RoPAU _cIT-RoPAU |
||
| 041 | _aITALIANO | ||
| 100 |
_aBunuel Luis _gCodice regista SPICS: 8694 _936748 |
||
| 130 |
_aNAZARIN _936749 |
||
| 240 |
_aNAZARIN _gT1228 |
||
| 245 |
_aNAZARIN _cProdotto da: Amerigo Federico -- Sceneggiatura: Alejandro Julio Bunuel Luis Carballido Emilio -- Diretto da: Bunuel Luis _pNAZARIN (Rif. Codice opera principale : H4781) |
||
| 246 | _aNAZARIN | ||
| 250 | _aEdizione Standard | ||
| 260 |
_aMESSICO (MESSICO) _bBARBACHANOPONCE / Distribuzione: MULTIMEDIA SAN PAOLO _g"1959 (1° ed.: 2004 ; Ed. Lingua Orig.: 1959)" |
||
| 300 |
_aDVD _bsonoro, col. _c90 minuti |
||
| 508 | _a"Fotografia: Figueroa Grabriel; Montaggio: Savage Carlos; Musica: Alffter Rodolfo; Sceneggiatura: Alejandro Julio Bunuel Luis Carballido Emilio; Scenografia: Fitzgerald Edward; Soggetto: Bunuel Luis -- Perez Galdos Benito" | ||
| 511 | _a"Rabal Francisco; Lopez Marga; Macedo Rita; Fernandez Jesus; Lopez; Tarso Ignacio; Cast" | ||
| 520 | _a"NAZARIN E' UN PRETE CHE VIVE LA SUA MISSIONE CON UMILTA' TRA I POVERI. A MODO SUO E' UN PROFETA, UN IDEALISTA CHE CERCA DI REALIZZARE IN TERRA L'IDEALE DI BONTA' E DI CARITA' DI CRISTO. SI UNISCONO A LUI, ATTRATTE DAL SUO CARISMA, DUE DONNE CHE LO SEGUONO NELLA PEREGRINAZIONE: ANDARA, UNA PROSTITUTA E BEATRIZ, UNA DONNA ""SCHIAVA D'AMORE"". MA ""IL MONDO"", CIOE' IL POTERE CIVILE COME QUELLO ECCLESIASTICO, NON CAPISCE NAZARIN, CHE VIENE CONDANNATO EFINISCE IN CARCERE. QUI NAZARIN SOPPORTA UMILIAZIONI, BOTTE E CALUNNIE; QUINDI VIENE LASCIATO SOLO.EXTRA: BIOGRAFIE E FILMOGRAFIA ESSENZIALE DEL REGISTA E DEGLI ATTORI PRINCIPALI; SCHEDA CRITICA DI FERNALDO DI GIAMMATTEO; TRAILER.SULLO STESSO DVD ANCHE IL LUNGOMETRAGGIO ""SIMON DEL DESERTO""." | ||
| 538 | _aPAL, STEREO | ||
| 546 | _aITALIANO | ||
| 650 |
_aDRAMMATICO _eDVD-FILM [DVD] _xCodice MATERIA SPICS: 9947 _936750 |
||
| 700 |
_aAlffter Rodolfo _e(musica) _gCodice Musica SPICS: 57812 _936751 |
||
| 700 |
_aBunuel Luis _e(regista) _gCodice regista SPICS: 8694 _936752 |
||
| 700 |
_aBunuel Luis _e(soggetto) _gCodice Soggetto SPICS: 8694 _936753 |
||
| 700 |
_aPerez Galdos Benito _e(soggetto) _gCodice Soggetto 2° SPICS: 57811 _936754 |
||
| 942 |
_cDV _2ddc |
||
| 999 |
_c104623 _d104623 |
||